| 000 | 00533nam a2200169 i 4500 | ||
|---|---|---|---|
| 001 | 101811 | ||
| 003 | ES-MaACL | ||
| 005 | 20230906183002.0 | ||
| 007 | t| | ||
| 008 | 051025s1949 sp ||||1| spa d | ||
| 100 | 1 |
_aMeliá, José ( _d1885-1974) _979962 |
|
| 245 | 1 | 0 |
_aUna velada astronómica en Peñíscola y seis conferencias radiofónicas / _cpor Pigmalión, [seud.] de J. Meliá. |
| 250 | _a1ª ed. | ||
| 260 |
_aValencia : _bGuerri, _c1949. |
||
| 300 |
_a138 p., 1 lám. ; _c18 cm. |
||
| 852 |
_aES-MaACL _j1903-F-1 _bR.28457 |
||
| 999 |
_c101811 _d101811 |
||